000
00392nam a2200145Ia 4500
008
100122s9999 xx 000 0 und d
082
_b
40863
_a
823
100
_a
राजे शैलजा
245
_a
इभ्रत
260
_b
दीप ज्योती प्रकाशन
_c
1905
300
_a
163
630
_a
इभ्रत
730
_a
इभ्रत
942
_c
BOOK
999
_c
421663
_d
421660